Rural common property resources and rural poor : a case study of Dharwa (Record no. 19566)

MARC details
000 -LEADER
fixed length control field 00647nam a2200193Ia 4500
082 ## - DEWEY DECIMAL CLASSIFICATION NUMBER
Classification number TK.0349
100 ## - MAIN ENTRY--AUTHOR NAME
Personal name Kulkarni, Arunkumar. R.
245 #0 - TITLE STATEMENT
Title Rural common property resources and rural poor : a case study of Dharwa
260 ## - PUBLICATION, DISTRIBUTION, ETC. (IMPRINT)
Year of publication 2004
Name of publisher Mangalore University
300 ## - PHYSICAL DESCRIPTION
Number of Pages 242p. + C D - 59
650 ## - SUBJECT ADDED ENTRY--TOPICAL TERM
Topical Term Rural poor - Dharwad District
650 ## - SUBJECT ADDED ENTRY--TOPICAL TERM
Topical Term Property - Economic aspects - Dharwad District
650 ## - SUBJECT ADDED ENTRY--TOPICAL TERM
Topical Term Rural poverty
650 ## - SUBJECT ADDED ENTRY--TOPICAL TERM
Topical Term Poor - Dharwad District
650 ## - SUBJECT ADDED ENTRY--TOPICAL TERM
Topical Term Waste products as fuel - Dharwad District
650 ## - SUBJECT ADDED ENTRY--TOPICAL TERM
Topical Term Biomass energy - Economic aspects - Dharwad District
710 ## - ADDED ENTRY--CORPORATE NAME
Corporate name or jurisdiction name as entry element Panchamukhi, P.R.
942 ## - ADDED ENTRY ELEMENTS (KOHA)
Koha item type Thesis
Source of classification or shelving scheme Dewey Decimal Classification
Holdings
Withdrawn status Lost status Damaged status Not for loan Home library Current library Date acquired Source of acquisition Bill Date Full call number Accession Number Price effective from Koha item type
        NASSDOC Library NASSDOC Library 30/11/2004 Gifted by : Fellowship Division 2004-11-30 TK.0349 40300 18/04/2019 Thesis